| 000 | 00686nam a22001697a 4500 | ||
|---|---|---|---|
| 005 | 20251108172628.0 | ||
| 008 | 250721s1998 xx 000 0 ara d | ||
| 082 | 1 | 4 | _a351,6/أرج |
| 100 | 1 | _aأرجمند، عبدالله محمد محمود | |
| 245 | 1 | 0 | _aفلسفه الأجراءات التاديبيه للعاملين بالخدمه المدنيه : دراسه نظريه و تطبيقات مقارنه في دوله الأمارات العربيه المتحده و الدول الأجنبيه / |
| 264 | _c1998. | ||
| 300 | _a441 ص. | ||
| 650 | 1 | 7 | _aالإدارة العامة |
| 650 | 1 | 7 | _aإصلاح الخدمة المدنية |
| 942 |
_2ddc _cBK |
||
| 999 |
_c84445 _d84445 |
||